00555nam a2200133Ia 4500008004100000100002700041245014200068245007500210260005300285260000900338300001200347650001500359856004700374170221s9999 xx 000 0 und d aSvetlana Y. Gataullina aDevelopment of Marketing Tools in Tourism as a Factor for Cooperation Enhancing Between the Primorye Territory and the Republic of Korea  cSvetlana Y. Gataullina, Alexander B. Kosolapov, Natalia Y. Shishkareva bInternational Review of Management and Marketing c2016 a15 : 19 xMarketing. uhttp://www.econjournals.com/index.php/irmm